| 000 | 00532cam a22001814a 4500 | ||
|---|---|---|---|
| 999 |
_c108968 _d108968 |
||
| 001 | 12373368 | ||
| 005 | 20181119115035.0 | ||
| 008 | 000809s2000 enkab b 001 0 eng | ||
| 020 | _a1900131994 | ||
| 040 | _cPK-LaUMT | ||
| 082 | 0 | 0 |
_a291.2114 _221 _bSHA-G |
| 100 | 0 | _aShahrukh Husain | |
| 245 | 1 | 4 |
_aThe goddess : _bpower, sexuality, and the feminine divine / _cShahrukh Husain |
| 260 |
_aLondon : _bDuncan Baird Publishers, _c1997 |
||
| 300 |
_a184 p. : _bcol. ill., col. maps ; _c28 cm. |
||
| 650 | 0 | _aGoddesses. | |
| 942 | _cBK | ||